Central Library OPAC University of Rajshahi

Studies on Fruit Rot Disease of Coconut / (Record no. 80412)

MARC details
000 -LEADER
fixed length control field 00829nam a2200241 a 4500
001 - CONTROL NUMBER
RUCL Control Number 80412
003 - CONTROL NUMBER IDENTIFIER
rucl marc code BD-RjUL
005 - DATE AND TIME OF LATEST TRANSACTION
control field 20230405120531.0
008 - FIXED-LENGTH DATA ELEMENTS--GENERAL INFORMATION
fixed length control field 220922s2004 bg a|||| m||| 00| 0 eng d
035 ## - SYSTEM CONTROL NUMBER
system control number (BD-RjUL)80412
040 ## - CATALOGING SOURCE
Original cataloging agency BD-RjUL
Language of cataloging eng
Transcribing agency BD-RjUL
Modifying agency BD-RjUL
041 ## - LANGUAGE CODE
Language code of Book eng
082 ## - DEWEY DECIMAL CLASSIFICATION NUMBER
Classification number 633.58
Author mark and Year NAS 2004
DDC Edition number 232
100 ## - MAIN ENTRY--PERSONAL NAME
Personal name Nandi, Chandana Rani
9 (RLIN) 4946
245 01 - TITLE STATEMENT
Title Studies on Fruit Rot Disease of Coconut /
Statement of responsibility, etc Chandana Rani Nandi ;
Name of Supervisor/Co-Supervisor Supervisor : M. S. Alam
260 ## - PUBLICATION, DISTRIBUTION, ETC. (IMPRINT)
Place of publication, distribution, etc Rajshahi :
Name of publisher, distributor, etc Department of Botany, University of Rajshahi,
Date of publication, distribution, etc 2004
300 ## - PHYSICAL DESCRIPTION
Pagination [7], ii, 117 Leaves :
Other physical details ill, ;
Dimensions 29 cm.
502 ## - DISSERTATION NOTE
Dissertation note Thesis (Ph. D.) -- Department of Botany, University of Rajshahi, 2004
504 ## - BIBLIOGRAPHY, ETC. NOTE
Bibliography, etc References : Leaves 97-117
650 ## - SUBJECT ADDED ENTRY--TOPICAL TERM
Topical term or geographic name as entry element Crops
Form subdivision Fruit
9 (RLIN) 4947
700 ## - ADDED ENTRY--SUPERVISOR/CO-SUPERVISOR NAME
Personal name Alam, M. S. Supervisor
9 (RLIN) 4948
942 ## - ADDED ENTRY ELEMENTS (KOHA)
Source of classification or shelving scheme Dewey Decimal Classification
Koha item type Theses
Holdings
Source of classification or shelving scheme Damaged status Not for loan Collection code Permanent Location Current Location Shelving location Date of accession Source of acquisition Full call number Barcode Date last seen Copy number Thesis
Dewey Decimal Classification   Not For Loan Theses Central Library, University of Rajshahi Central Library, University of Rajshahi Documentation Section 18/11/2007 Controller of Exam. R.U THE 633.58 NAS 2004 D2670 22/09/2022 C-1 Theses